[Event "Reykjavik op"]
[Site "Reykjavik"]
[Date "2024.03.20"]
[Round "8"]
[White "Atharva, M Parulekar"]
[Black "Bjornsson, Sigurbjorn"]
[Result "0-1"]
[WhiteElo "1580"]
[BlackElo "2305"]
[PlyCount "48"]
[EventDate "2024.03.15"]
[EventType "swiss"]
[EventRounds "9"]
[EventCountry "ISL"]
[SourceTitle "CB13_2024"]
[SourceDate "2024.03.27"]
[SourceVersion "1"]
[SourceVersionDate "2024.03.27"]
[SourceQuality "1"]

1. e4 c5 2. Nf3 d6 3. c3 Nf6 4. h3 g6 5. Bd3 Bg7 6. Bc2 0-0 7. d4 cxd4 8. cxd4 Nc6 9. 0-0 e5 10. Re1 exd4 11. Nxd4 Re8 12. Ba4 Rxe4 13. Rxe4 Nxe4 14. Nxc6 bxc6 15. Bxc6 Nxf2 16. Qe2 Nxh3+ 17. Kh1 Bg4 18. Qe1 Rc8 19. gxh3 Bxh3 20. Bg2 Rxc1 21. Qxc1 Qh4 22. Nc3 Be6+ 23. Kg1 Bd4+ 24. Kf1 Qf2# 0-1

[Event "Reykjavik op"]
[Site "Reykjavik"]
[Date "2024.03.16"]
[Round "3"]
[White "Bjornsson, Sigurbjorn"]
[Black "Can, Emre"]
[Result "0-1"]
[WhiteElo "2305"]
[BlackElo "2551"]
[PlyCount "82"]
[EventDate "2024.03.15"]
[EventType "swiss"]
[EventRounds "9"]
[EventCountry "ISL"]
[SourceTitle "CB13_2024"]
[SourceDate "2024.03.27"]
[SourceVersion "1"]
[SourceVersionDate "2024.03.27"]
[SourceQuality "1"]

1. e4 c5 2. Nf3 Nc6 3. d4 cxd4 4. Nxd4 g6 5. Nc3 Bg7 6. Be3 Nf6 7. Bc4 0-0 8. Bb3 d6 9. f3 Qa5 10. Qd2 Nxd4 11. Bxd4 Be6 12. Bxe6 fxe6 13. h4 Rac8 14. h5 e5 15. h6 Bxh6 16. Rxh6 exd4 17. Qxd4 Qg5 18. Rh1 Qxg2 19. 0-0-0 Qxf3 20. Rdf1 Qg4 21. Rhg1 Qd7 22. Qxa7 Rc5 23. Qb6 Re5 24. Qe3 Rf7 25. Qf4 Qe6 26. Qh4 Kg7 27. Re1 Rh5 28. Qf2 Qe5 29. Qb6 e6 30. Rd1 Nxe4 31. Nxe4 Qxe4 32. Rxd6 Rh2 33. Qc5 Rxc2+ 34. Qxc2 Qe3+ 35. Kb1 Qxg1+ 36. Rd1 Qg5 37. Qb3 h5 38. a3 h4 39. Qc3+ Qf6 40. Qc8 e5 41. Ka1 e4 0-1

[Event "Reykjavik op"]
[Site "Reykjavik"]
[Date "2023.04.04"]
[Round "9"]
[White "Bjornsson, Sigurbjorn"]
[Black "Ingvason, Johann"]
[Result "1-0"]
[WhiteElo "2310"]
[BlackElo "2122"]
[PlyCount "68"]
[EventDate "2023.03.29"]
[EventType "swiss"]
[EventRounds "9"]
[EventCountry "ISL"]
[SourceTitle "EXT 2024"]
[Source "ChessBase"]
[SourceDate "2023.10.10"]
[SourceVersion "1"]
[SourceVersionDate "2023.10.10"]
[SourceQuality "1"]

1. e4 c5 2. Nf3 d6 3. d4 cxd4 4. Nxd4 Nf6 5. Nc3 a6 6. Bg5 e5 7. Bxf6 gxf6 8. Nf5 Bxf5 9. exf5 Nd7 10. Bc4 Nb6 11. Bd5 Qc7 12. Qd3 Bh6 13. Ne4 0-0-0 14. 0-0 Bg5 15. a4 Nd7 16. b4 Kb8 17. a5 Rc8 18. c4 Ka8 19. Rfb1 Kb8 20. Bxf7 d5 21. Bxd5 Rhd8 22. g3 Bh6 23. b5 Nc5 24. Nxc5 Qxc5 25. bxa6 Rc7 26. Rb5 Qa7 27. Rb6 Bf8 28. Rab1 Rdd7 29. Qf3 Bc5 30. Bxb7 Rd2 31. Qh5 Bxf2+ 32. Kf1 Re7 33. Qh6 Rd1+ 34. Rxd1 Bxb6 1-0

[Event "ISL-chT Kvika 2223"]
[Site "Reykjavik"]
[Date "2022.10.16"]
[Round "5.2"]
[White "Bjornsson, Sigurbjorn"]
[Black "Briem, Benedikt"]
[Result "1-0"]
[WhiteElo "2308"]
[BlackElo "2208"]
[PlyCount "101"]
[EventDate "2022.10.13"]
[EventType "team-tourn"]
[EventRounds "10"]
[EventCountry "ISL"]
[SourceTitle "CBM 213 Extra"]
[Source "ChessBase"]
[SourceDate "2023.05.31"]
[SourceVersion "1"]
[SourceVersionDate "2023.05.31"]
[SourceQuality "1"]
[WhiteTeam "Skakdeild Fjolnis"]
[BlackTeam "Breidjblik Skakdeild"]
[WhiteTeamCountry "ISL"]
[BlackTeamCountry "ISL"]

1. c4 c6 2. g3 d5 3. Nf3 Nf6 4. Bg2 g6 5. b3 Bg7 6. Bb2 0-0 7. 0-0 Bg4 8. d3 Re8 9. Nbd2 Nbd7 10. Qc2 e5 11. h3 Bxf3 12. Bxf3 a5 13. a3 Qe7 14. e3 e4 15. dxe4 dxe4 16. Bg2 Nc5 17. Rad1 Rad8 18. Bd4 Nh5 19. Bxg7 Nxg7 20. b4 axb4 21. axb4 Na6 22. Nxe4 f5 23. Nc3 Qxb4 24. Ne2 Ne6 25. Nd4 Nac5 26. h4 Nxd4 27. exd4 Ne4 28. Rd3 Rd7 29. h5 Qa5 30. Rfd1 Nf6 31. hxg6 hxg6 32. Qc1 Kg7 33. Re3 Rxe3 34. Qxe3 Qb4 35. Qd3 Ng4 36. d5 Qb2 37. Qf1 cxd5 38. Bxd5 b6 39. Re1 Ne5 40. Kg2 Ng4 41. Re2 Qd4 42. Qe1 Qc5 43. Re8 Nf6 44. Qa1 Qd6 45. Re6 Qf8 46. Qe5 b5 47. Bc6 Rd2 48. cxb5 f4 49. g4 Qd8 50. Re7+ Kg8 51. Qe6+ 1-0

[Event "ISL-chT Kvika 2223"]
[Site "Reykjavik"]
[Date "2022.10.15"]
[Round "4.3"]
[White "Thorhallsson, Throstur"]
[Black "Bjornsson, Sigurbjorn"]
[Result "1-0"]
[WhiteElo "2396"]
[BlackElo "2308"]
[PlyCount "75"]
[EventDate "2022.10.13"]
[EventType "team-tourn"]
[EventRounds "10"]
[EventCountry "ISL"]
[SourceTitle "CBM 213 Extra"]
[Source "ChessBase"]
[SourceDate "2023.05.31"]
[SourceVersion "1"]
[SourceVersionDate "2023.05.31"]
[SourceQuality "1"]
[WhiteTeam "Taflfelag Reykjavikur"]
[BlackTeam "Skakdeild Fjolnis"]
[WhiteTeamCountry "ISL"]
[BlackTeamCountry "ISL"]

1. e4 c5 2. Nf3 d6 3. d4 cxd4 4. Nxd4 Nf6 5. Nc3 g6 6. Be2 Bg7 7. 0-0 0-0 8. Bg5 Nc6 9. Nb3 Be6 10. Kh1 Qc8 11. f4 Bg4 12. Nd5 Bxe2 13. Qxe2 Nxd5 14. exd5 Nb4 15. Qe4 a5 16. c3 Na6 17. f5 gxf5 18. Qxe7 Qc7 19. Qe3 Rae8 20. Qh3 Nc5 21. Nd4 Re5 22. Nxf5 f6 23. Bf4 Rxd5 24. Nxg7 Qxg7 25. Bh6 Qe7 26. Bxf8 Kxf8 27. Qh6+ Kg8 28. Rxf6 Nd7 29. Rf3 Ne5 30. Rg3+ Ng6 31. Rf1 Re5 32. h3 Re6 33. Qg5 Qxg5 34. Rxg5 Re2 35. h4 Kg7 36. h5 Kh6 37. hxg6 Kxg5 38. g7 1-0

[Event "Reykjavik Kvika op"]
[Site "Reykjavik"]
[Date "2022.04.10"]
[Round "6"]
[White "Bjornsson, Sigurbjorn"]
[Black "Clarke, Brandon GI"]
[Result "0-1"]
[WhiteElo "2306"]
[BlackElo "2436"]
[PlyCount "73"]
[EventDate "2022.04.06"]
[EventType "swiss"]
[EventRounds "9"]
[EventCountry "ISL"]
[SourceTitle "CBM 207 Extra"]
[Source "ChessBase"]
[SourceDate "2022.05.31"]
[SourceVersion "1"]
[SourceVersionDate "2022.05.31"]
[SourceQuality "1"]

1. e4 c5 2. Nf3 d6 3. d4 cxd4 4. Nxd4 Nf6 5. Nc3 a6 6. Be3 e5 7. Nb3 Be6 8. f3 Be7 9. Qd2 h5 10. 0-0-0 Nbd7 11. Kb1 Rc8 12. h3 b5 13. Bd3 h4 14. f4 Qc7 15. Rhe1 0-0 16. Qf2 b4 17. Nd5 Bxd5 18. exd5 Nxd5 19. Bf5 Nxe3 20. Rxe3 Rcd8 21. g3 Nf6 22. gxh4 Nh5 23. fxe5 dxe5 24. Rg1 Qb6 25. Be4 f5 26. Bd3 e4 27. Bc4+ Kh8 28. Qe1 g6 29. Qc1 Kh7 30. Be2 Nf4 31. h5 g5 32. h4 Nxe2 33. Rxe2 g4 34. Rf1 Bxh4 35. Qf4 Qb5 36. Rd2 Bg3 37. Qg5 0-1

[Event "Reykjavik Kvika op"]
[Site "Reykjavik"]
[Date "2022.04.07"]
[Round "2"]
[White "Fier, Alexandr"]
[Black "Bjornsson, Sigurbjorn"]
[Result "1-0"]
[WhiteElo "2573"]
[BlackElo "2306"]
[PlyCount "51"]
[EventDate "2022.04.06"]
[EventType "swiss"]
[EventRounds "9"]
[EventCountry "ISL"]
[SourceTitle "CBM 207 Extra"]
[Source "ChessBase"]
[SourceDate "2022.05.31"]
[SourceVersion "1"]
[SourceVersionDate "2022.05.31"]
[SourceQuality "1"]

1. e4 c5 2. Nf3 Nc6 3. Bb5 g6 4. 0-0 Bg7 5. c3 Qb6 6. Na3 a6 7. Ba4 Nf6 8. e5 Ng4 9. d4 cxd4 10. cxd4 0-0 11. h3 Nh6 12. d5 Nb4 13. Be3 Qa5 14. Bb3 d6 15. Qd2 Nf5 16. Nc4 Qxd5 17. Qxb4 Qe4 18. Bd2 a5 19. Nxa5 Qxb4 20. Bxb4 dxe5 21. Nc4 e4 22. Nfd2 b5 23. Nb6 Rb8 24. Nxc8 Rfxc8 25. Nxe4 Bxb2 26. Rad1 1-0

[Event "ISL-chT1 2122"]
[Site "Reykjavik"]
[Date "2021.10.02"]
[Round "3.3"]
[White "Bjornsson, Sigurbjorn"]
[Black "Einarsson, Halldor Gretar"]
[Result "1-0"]
[WhiteElo "2306"]
[BlackElo "2227"]
[PlyCount "114"]
[EventDate "2021.09.30"]
[EventType "team-tourn"]
[EventRounds "10"]
[EventCountry "ISL"]
[SourceTitle "EXT 2022"]
[Source "ChessBase"]
[SourceDate "2021.10.06"]
[SourceVersion "1"]
[SourceVersionDate "2021.10.06"]
[SourceQuality "1"]
[WhiteTeam "Skakdeild Fjolnis"]
[BlackTeam "Breidjablik Bolungarvik"]
[WhiteTeamCountry "ISL"]
[BlackTeamCountry "ISL"]

1. e4 c5 2. Nf3 Nc6 3. d4 cxd4 4. Nxd4 Nf6 5. Nc3 e5 6. Ndb5 d6 7. Bg5 a6 8. Na3 b5 9. Nd5 Be7 10. Bxf6 Bxf6 11. c3 Bg5 12. Nc2 0-0 13. a4 bxa4 14. Rxa4 a5 15. Bc4 Rb8 16. b3 Kh8 17. Nce3 Ne7 18. 0-0 Nxd5 19. Nxd5 f5 20. Qe2 Bd7 21. Ra2 fxe4 22. Qxe4 Bf5 23. Qe2 Rc8 24. Rd1 Rc5 25. Ne3 Be4 26. Rad2 Rc6 27. h4 Bh6 28. Ng4 Bxd2 29. Qxe4 Qc8 30. Nxe5 dxe5 31. Rxd2 Qc7 32. Rd5 Qb6 33. Qe2 Rcf6 34. Qe3 Qxe3 35. fxe3 a4 36. bxa4 Rc6 37. Bb5 Rxc3 38. Rxe5 Ra3 39. h5 Ra2 40. Kh2 Raf2 41. e4 Ra2 42. Re7 Ra3 43. e5 Re3 44. e6 h6 45. Rf7 Kg8 46. Rc7 Rf5 47. e7 Rxh5+ 48. Kg1 Rhe5 49. Rc8+ Kf7 50. e8Q+ Rxe8 51. Bxe8+ Rxe8 52. Rxe8 Kxe8 53. Kf2 Kd7 54. Kf3 Kd6 55. Kf4 g6 56. a5 Kc5 57. Ke5 Kb5 1-0

[Event "ISL-ch"]
[Site "Kopavogur"]
[Date "2021.04.25"]
[Round "4"]
[White "Stefansson, Vignir Vatnar"]
[Black "Bjornsson, Sigurbjorn"]
[Result "1-0"]
[WhiteElo "2327"]
[BlackElo "2327"]
[PlyCount "63"]
[EventDate "2021.04.22"]
[EventType "tourn"]
[EventRounds "9"]
[EventCountry "ISL"]
[EventCategory "7"]
[SourceTitle "CBM 202 Extra"]
[Source "ChessBase"]
[SourceDate "2021.07.31"]
[SourceVersion "1"]
[SourceVersionDate "2021.07.31"]
[SourceQuality "1"]

1. d4 Nf6 2. g3 g6 3. Bg2 Bg7 4. e4 d6 5. Ne2 0-0 6. 0-0 e5 7. Nbc3 exd4 8. Nxd4 Re8 9. h3 Bd7 10. Be3 Nc6 11. Nb3 Ne5 12. Nd2 Bc6 13. f4 Ned7 14. Re1 Re7 15. Bf2 Qf8 16. Nb3 Rae8 17. Qd3 Nh5 18. Na5 Nb6 19. Nxc6 bxc6 20. Rad1 Rd7 21. Bf3 Nf6 22. Qa6 Ra8 23. a4 Qc8 24. Be2 Re7 25. a5 Qxa6 26. Bxa6 Nbd7 27. Bb7 Rb8 28. a6 Nb6 29. Bxc6 Nc4 30. Bxa7 Rxb2 31. Bd4 Nd7 32. Nd5 1-0

[Event "ISL-ch"]
[Site "Kopavogur"]
[Date "2021.04.22"]
[Round "1"]
[White "Bjornsson, Sigurbjorn"]
[Black "Thorfinnsson, Bjorn"]
[Result "0-1"]
[WhiteElo "2327"]
[BlackElo "2384"]
[PlyCount "76"]
[EventDate "2021.04.22"]
[EventType "tourn"]
[EventRounds "9"]
[EventCountry "ISL"]
[EventCategory "7"]
[SourceTitle "CBM 202 Extra"]
[Source "ChessBase"]
[SourceDate "2021.07.31"]
[SourceVersion "1"]
[SourceVersionDate "2021.07.31"]
[SourceQuality "1"]

1. e4 e5 2. Nf3 Nc6 3. d4 exd4 4. Nxd4 Nf6 5. Nxc6 bxc6 6. e5 Qe7 7. Qe2 Nd5 8. c4 Nb6 9. Nc3 Qe6 10. Qe4 Bb4 11. Bd2 Bb7 12. Bd3 0-0-0 13. 0-0 d6 14. Bg5 Bxc3 15. Bxd8 Bxb2 16. Rab1 Bxe5 17. Bh4 c5 18. Qe2 g6 19. Qc2 Bc6 20. Rfe1 Re8 21. Bg3 Qg4 22. Be4 Ba4 23. Qd3 f5 24. Bd5 f4 25. f3 Qf5 26. Be4 Qf7 27. Rxb6 axb6 28. Bf2 Kd7 29. Bd5 Qf8 30. Qa3 Bc6 31. Bxc6+ Kxc6 32. Qa4+ Kb7 33. Qd1 Bd4 34. h3 Rxe1+ 35. Qxe1 Qf6 36. Qe4+ Ka7 37. Qc6 Bxf2+ 38. Kxf2 Qd4+ 0-1

[Event "Reykjavik Haustmot-A"]
[Site "Reykjavik"]
[Date "2020.10.02"]
[Round "9"]
[White "Thorhallsson, Simon"]
[Black "Bjornsson, Sigurbjorn"]
[Result "1-0"]
[WhiteElo "2215"]
[BlackElo "2357"]
[PlyCount "185"]
[EventDate "2020.09.13"]
[EventType "tourn"]
[EventRounds "9"]
[EventCountry "ISL"]
[EventCategory "5"]
[SourceTitle "CBM 198 Extra"]
[Source "ChessBase"]
[SourceDate "2020.11.30"]
[SourceVersion "1"]
[SourceVersionDate "2020.11.30"]
[SourceQuality "1"]

1. e4 e5 2. Nf3 Nc6 3. Bb5 Nge7 4. Nc3 d6 5. d4 Bd7 6. 0-0 Ng6 7. Be3 Be7 8. d5 Nb8 9. Bxd7+ Nxd7 10. g3 h6 11. h4 Nf6 12. Nh2 Qd7 13. Kg2 Nh7 14. Qg4 Qxg4 15. Nxg4 h5 16. Nh2 c6 17. Rfd1 0-0 18. Nf1 Rfc8 19. Rac1 Bf8 20. f3 Nf6 21. Bf2 a6 22. Ne3 Rab8 23. a4 Ne7 24. b3 b5 25. dxc6 Rxc6 26. Rd3 g6 27. axb5 axb5 28. Ra1 Bh6 29. Ncd1 Kf8 30. c4 Nd7 31. cxb5 Rxb5 32. Nc4 d5 33. Ra8+ Kg7 34. exd5 Rxd5 35. Rxd5 Nxd5 36. Ra5 N7f6 37. Ndb2 Re6 38. Nd3 e4 39. fxe4 Rxe4 40. Nce5 Ne3+ 41. Kf3 Neg4 42. Nxg4 hxg4+ 43. Kg2 Re2 44. Kf1 Re4 45. Ra4 Re6 46. Bd4 Kh7 47. Ne5 Nh5 48. Kf2 f5 49. Ra7+ Bg7 50. b4 Kg8 51. Ra8+ Kh7 52. Ra7 Kg8 53. Ra8+ Kh7 54. Ra5 Nf6 55. Ba1 Ne4+ 56. Kg2 Rd6 57. Nc4 Rd1 58. Bxg7 Kxg7 59. Ra7+ Kh6 60. b5 Rc1 61. Ne5 Rc2+ 62. Kg1 Nxg3 63. b6 Rb2 64. b7 Ne4 65. Nc6 Rb1+ 66. Kg2 Rb2+ 67. Kf1 Rb1+ 68. Ke2 Rb2+ 69. Ke3 Rb3+ 70. Kf4 Nc5 71. b8Q Nd3+ 72. Ke3 Rxb8 73. Nxb8 Ne5 74. Nd7 Nf3 75. Nf8 Nxh4 76. Kf4 Ng2+ 77. Kg3 Ne3 78. Ra6 Nd5 79. Nxg6 Kg5 80. Ne5 f4+ 81. Kf2 Kf5 82. Nf7 Nc3 83. Nh6+ Kg5 84. Nf7+ Kf5 85. Nd6+ Ke5 86. Nc4+ Kd4 87. Nd2 Nd1+ 88. Ke1 Ne3 89. Re6 Kd5 90. Re8 Nf5 91. Re4 Ne3 92. Ke2 Ng2 93. Kf2 1-0

[Event "Reykjavik Congress"]
[Site "Reykjavik"]
[Date "2020.01.19"]
[Round "5"]
[White "Bjornsson, Sigurbjorn"]
[Black "Kjartansson, Gudmundur"]
[Result "1-0"]
[WhiteElo "2331"]
[BlackElo "2453"]
[PlyCount "101"]
[EventDate "2020.01.05"]
[EventType "swiss"]
[EventRounds "9"]
[EventCountry "ISL"]
[SourceTitle "CBM 194 Extra"]
[Source "ChessBase"]
[SourceDate "2020.03.31"]
[SourceVersion "1"]
[SourceVersionDate "2020.03.31"]
[SourceQuality "1"]

1. e4 e5 2. Nf3 Nc6 3. Nc3 Nf6 4. Bb5 Bd6 5. 0-0 0-0 6. d3 Ne7 7. d4 Ng6 8. dxe5 Nxe5 9. Nxe5 Bxe5 10. Bd3 Re8 11. Bg5 c6 12. Kh1 Qc7 13. f4 Bxc3 14. e5 Bxe5 15. fxe5 Qxe5 16. Bxf6 gxf6 17. Rf5 Qxb2 18. Rb1 Qd4 19. Qh5 d5 20. Rf3 f5 21. Rh3 Kf8 22. Qh6+ Ke7 23. Re3+ Be6 24. c3 Qa4 25. Bxf5 Kd6 26. Rbe1 Kc7 27. Bxe6 Rxe6 28. Rxe6 fxe6 29. Qg7+ Kd6 30. Qe5+ Kc5 31. Qe3+ Kb5 32. Qe2+ Qc4 33. Qb2+ Ka5 34. Qxb7 Rg8 35. Rb1 Qc5 36. Qc7+ Ka6 37. Qb7+ Ka5 38. Qc7+ Ka6 39. Qf7 Rf8 40. Qb7+ Ka5 41. Qc7+ Ka4 42. Qxh7 Rf2 43. Qh4+ Ka5 44. h3 e5 45. Qd8+ Ka4 46. Qc8 a5 47. Qg4+ Qc4 48. Qd1+ Ka3 49. Rb3+ Ka4 50. Rb4+ Ka3 51. Qa4# 1-0

[Event "Reykjavik Congress"]
[Site "Reykjavik"]
[Date "2020.01.12"]
[Round "3"]
[White "Briem, Benedikt"]
[Black "Bjornsson, Sigurbjorn"]
[Result "0-1"]
[WhiteElo "1841"]
[BlackElo "2331"]
[PlyCount "74"]
[EventDate "2020.01.05"]
[EventType "swiss"]
[EventRounds "9"]
[EventCountry "ISL"]
[SourceTitle "CBM 194 Extra"]
[Source "ChessBase"]
[SourceDate "2020.03.31"]
[SourceVersion "1"]
[SourceVersionDate "2020.03.31"]
[SourceQuality "1"]

1. d4 Nf6 2. Nc3 d5 3. Bf4 c6 4. e3 Bf5 5. f3 e6 6. g4 Bg6 7. h4 h5 8. g5 Nfd7 9. Bd3 Bxd3 10. Qxd3 g6 11. Kf2 Qb6 12. Nge2 Be7 13. Bg3 c5 14. Na4 Qc6 15. Nxc5 Nxc5 16. dxc5 Bxc5 17. Be5 0-0 18. Nf4 Qa6 19. Qc3 Qb6 20. Rad1 Nc6 21. Bf6 Ne7 22. Bxe7 Bxe7 23. Qd3 Kg7 24. Rhg1 Rfc8 25. b3 Qc5 26. Rd2 b5 27. Ne2 b4 28. Qd4+ Qxd4 29. exd4 Rc6 30. Nf4 Rac8 31. Rc1 f6 32. Re2 Kf7 33. gxf6 Bxf6 34. Rd2 Bxh4+ 35. Ke3 Bg5 36. Rg2 Rc3+ 37. Ke2 Bxf4 0-1

[Event "Reykjavik Congress"]
[Site "Reykjavik"]
[Date "2020.01.08"]
[Round "2"]
[White "Bjornsson, Sigurbjorn"]
[Black "Baldursson, Haraldur"]
[Result "1-0"]
[WhiteElo "2331"]
[BlackElo "1902"]
[PlyCount "55"]
[EventDate "2020.01.05"]
[EventType "swiss"]
[EventRounds "9"]
[EventCountry "ISL"]
[SourceTitle "CBM 194 Extra"]
[Source "ChessBase"]
[SourceDate "2020.03.31"]
[SourceVersion "1"]
[SourceVersionDate "2020.03.31"]
[SourceQuality "1"]

1. e4 c5 2. Nf3 d6 3. d4 cxd4 4. Nxd4 Nf6 5. Nc3 a6 6. Be3 e6 7. f3 Be7 8. Qd2 Qc7 9. g4 Nc6 10. g5 Nd7 11. 0-0-0 b5 12. Kb1 Nde5 13. Qg2 Nc4 14. Bxc4 bxc4 15. Ka1 Rb8 16. Rb1 Na7 17. Qd2 Nb5 18. Nde2 Bd7 19. h4 0-0 20. h5 g6 21. Nxb5 axb5 22. Nc3 b4 23. Qh2 Bxg5 24. hxg6 h6 25. Bxg5 fxg6 26. Qxh6 Bc8 27. Qh8+ Kf7 28. Qh7+ 1-0

[Event "Reykjavik op"]
[Site "Reykjavik"]
[Date "2019.04.15"]
[Round "8"]
[White "Stefansson, Hannes"]
[Black "Bjornsson, Sigurbjorn"]
[Result "1-0"]
[WhiteElo "2558"]
[BlackElo "2312"]
[PlyCount "81"]
[EventDate "2019.04.08"]
[EventType "swiss"]
[EventRounds "9"]
[EventCountry "ISL"]
[SourceTitle "CBM 189 Extra"]
[Source "ChessBase"]
[SourceDate "2019.06.03"]
[SourceVersion "1"]
[SourceVersionDate "2019.06.03"]
[SourceQuality "1"]

1. e4 c5 2. Nf3 d6 3. d4 cxd4 4. Nxd4 Nf6 5. Nc3 g6 6. Be3 Bg7 7. f3 0-0 8. Qd2 Nc6 9. 0-0-0 d5 10. exd5 Nxd5 11. Nxc6 bxc6 12. Bd4 Bxd4 13. Qxd4 Qb6 14. Na4 Qa5 15. b3 Qc7 16. h4 Rd8 17. c4 Bf5 18. cxd5 Rxd5 19. Qe3 Rxd1+ 20. Kxd1 Rd8+ 21. Kc1 Qd6 22. Nb2 h5 23. Bd3 Bxd3 24. Rd1 Qa3 25. Rxd3 Rxd3 26. Qxd3 Qxa2 27. Qd8+ Kg7 28. Qd4+ Kg8 29. Qa4 Qxa4 30. Nxa4 Kg7 31. Kd2 Kf6 32. Nc3 Ke5 33. Kd3 f6 34. Ne2 g5 35. g3 Kd5 36. f4 g4 37. f5 Ke5 38. Nd4 c5 39. Nc6+ Kxf5 40. Nxe7+ Ke6 41. Ng6 1-0

[Event "ISL-chT1 1819"]
[Site "Reykjavik"]
[Date "2019.02.28"]
[Round "6.4"]
[White "Arnason, Jon Loftur"]
[Black "Bjornsson, Sigurbjorn"]
[Result "1/2-1/2"]
[WhiteElo "2449"]
[BlackElo "2299"]
[PlyCount "220"]
[EventDate "2018.11.08"]
[EventType "team-tourn"]
[EventRounds "9"]
[EventCountry "ISL"]
[SourceTitle "CBM 189 Extra"]
[Source "ChessBase"]
[SourceDate "2019.06.03"]
[SourceVersion "1"]
[SourceVersionDate "2019.06.03"]
[SourceQuality "1"]
[WhiteTeam "Vikingaklubburinn"]
[BlackTeam "Skakdeild Fjolnis"]
[WhiteTeamCountry "ISL"]
[BlackTeamCountry "ISL"]

1. e4 c5 2. Nf3 d6 3. d4 cxd4 4. Nxd4 Nf6 5. Nc3 g6 6. Bc4 Bg7 7. h3 0-0 8. Bb3 Nc6 9. Be3 Bd7 10. 0-0 Rc8 11. Re1 Na5 12. Nf3 Rxc3 13. bxc3 Nxe4 14. Bd4 Nxc3 15. Qd2 Bxd4 16. Qxd4 Nb5 17. Qe3 e6 18. c4 Nc7 19. Qxa7 Na6 20. Rad1 Bc6 21. Qe3 Nc5 22. Qf4 e5 23. Qe3 Qf6 24. Nd2 Qf5 25. Nf1 Qe6 26. Qc3 Ra8 27. Ne3 Naxb3 28. axb3 Ra3 29. Qd2 Rxb3 30. Qxd6 Qxd6 31. Rxd6 Nd3 32. Rd1 Nf4 33. Nd5 Kg7 34. h4 h6 35. Re1 Nd3 36. Re2 Nb2 37. Rc2 Nd3 38. Kh2 Nc5 39. Re2 e4 40. Ne7 Rd3 41. Rd2 Ba4 42. h5 Bb3 43. hxg6 fxg6 44. Rd5 Rxd2 45. Rxd2 Bxc4 46. Rd6 Be6 47. Nd5 Kf7 48. Nf4 Bf5 49. Rb6 g5 50. Nd5 Be6 51. Nc7 h5 52. Rb5 Nd3 53. Kg1 h4 54. Rxb7 Bg4 55. Rb5 Kg6 56. Rb6+ Kf7 57. Nb5 Nc5 58. Rc6 Nd7 59. Rc4 Bf5 60. Nd6+ Ke6 61. Nxe4 Kd5 62. Nd2 Ne5 63. Ra4 Bc2 64. Ra5+ Ke6 65. Nf1 Kf6 66. Ra6+ Kf7 67. Ne3 Bd3 68. Rb6 Be4 69. f3 Bd3 70. Kf2 Bg6 71. Nd5 Bh5 72. Rf6+ Kg7 73. Re6 Nf7 74. Ne3 Bg6 75. Rb6 Ne5 76. Nd5 Bf7 77. Nc3 Bg6 78. Re6 Nd3+ 79. Kg1 Bf5 80. Rd6 Nf4 81. Nb5 Bg6 82. Nd4 Kf7 83. Nc6 Kg7 84. Ne5 Bf5 85. Rb6 Bc2 86. Ng4 Bd3 87. Rd6 Bc2 88. Nf6 Kf7 89. Nd5 Ng6 90. Kf2 Bb3 91. Nc3 Bc2 92. Ne2 Bb1 93. Ke3 Ne7 94. Ra6 Nf5+ 95. Kd2 Ne7 96. Kc3 Bf5 97. Kd4 Bc8 98. Rb6 Ng6 99. Ke4 Be6 100. f4 Bc4 101. f5 Ne7 102. Nd4 Bd5+ 103. Ke5 Bxg2 104. Rh6 h3 105. f6 Ng6+ 106. Kf5 Nh4+ 107. Kxg5 h2 108. Rh7+ Kg8 109. Rxh4 h1Q 110. Rxh1 Bxh1 1/2-1/2